ARMUT PİŞ AĞZIMA DÜŞ (Record no. 986449)

MARC details
000 -LEADER
sabit uzunluktaki kontrol alanı 00243nam a2200097Ia 4500
001 - KONTROL NUMARASI
kontrol alanı 986449
005 - EN SON İŞLEMİN TARİH VE ZAMANI
kontrol alanı 20250826221101.0
008 - SABİT-UZUNLUKTA VERİ ÖĞELERİ--GENEL BİLGİ
sabit uzunluktaki kontrol alanı 250824s9999 xx 000 0 und d
245 #0 - ESER / YAZAR
ESER ADI ARMUT PİŞ AĞZIMA DÜŞ
Yazar Adı SİN EREN
260 ## - YAYIN, DAĞITIM, VB.
YAYIN EVİ DOKUZ YAYINLARI
Holdings
Düşüm durumu Kayıp durumu Hasar Durumu Ödünç verilmez Ana kütüphane Geçerli Kütüphane Edinilen tarih Toplam ödünç verme sayısı Barkod Son görüntüleme tarihi Son ödünç verme tarihi Fiyatın geçerli olmaya başladığı tarih Koha materyal türü
        SANCAK ORTAOKULU SANCAK ORTAOKULU 24.08.2025 1 10343631 19.11.2025 18.11.2025 26.08.2025 Books